| 000 | 01004cam a2200289 a 4500 | ||
|---|---|---|---|
| 001 | 597772 | ||
| 005 | 20150713145641.0 | ||
| 008 | 910506s1992 nyu b 000 0 eng | ||
| 010 | _a 91018898 | ||
| 020 |
_a0714529370 : _c$24.95 (£16.95 U.K.) |
||
| 040 |
_aDLC _cDLC _dDLC |
||
| 050 | 0 | 0 |
_aLB885.I44 _bI5 1992 |
| 100 | 1 |
_aIllich, Ivan, _d1926-2002. _93524 |
|
| 245 | 1 | 0 |
_aIn the mirror of the past : _blectures and addresses, 1978-1990 / _cIvan Illich. |
| 260 |
_aNew York : _bM. Boyars, _c1992. |
||
| 300 |
_a231 p. ; _c23 cm. |
||
| 504 | _aIncludes bibliographical references. | ||
| 600 | 1 | 0 |
_aIllich, Ivan, _d1926-2002. _93524 |
| 650 | 0 |
_aEducation _xPhilosophy. _918020 |
|
| 650 | 0 |
_aSocial problems. _96331 |
|
| 650 | 0 |
_aMedicine _xPhilosophy. _917118 |
|
| 650 | 0 |
_aEconomics. _918021 |
|
| 650 | 0 |
_aLiteracy. _918022 |
|
| 906 |
_a7 _bcbc _corignew _d1 _eocip _f19 _gy-gencatlg |
||
| 942 |
_2lcc _cMONOGRAPH |
||
| 999 |
_c122892 _d122892 |
||